| 000 | 00520nam a2200181Ia 4500 | ||
|---|---|---|---|
| 003 | GCL | ||
| 008 | 140319s9999 xx 000 0 ara d | ||
| 040 |
_aGCL / _cGCL |
||
| 082 | 0 | 4 |
_a239 _bت م |
| 100 | 1 | _aتوفيق عبدالعليم | |
| 245 | 1 | 0 |
_aمحمد صلى الله عليه وسلم / _cتوفيق عبدالعليم |
| 260 |
_a[S.N] : _bمكتبة مصر ، _c1988 |
||
| 300 | _a279 ص | ||
| 490 | _a | ||
| 650 | 0 | 4 | _aالسيرة النبوية |
| 650 | 0 | 4 | _aاخلاق الرسول |
| 942 |
_2ddc _cBK |
||
| 999 |
_c53716 _d53716 |
||